Normal view
MARC view
- تاريخ اوروبا - عصر الاصلاح الاوروبي- عصر النهضة - تاريخ اوروبا الوسيط
Entry Topical Term
001 - CONTROL NUMBER
- control field: 60203
003 - CONTROL NUMBER IDENTIFIER
- control field: JO-AjAnu
005 - DATE AND TIME OF LATEST TRANSACTION
- control field: 20230606083836.0
008 - FIXED-LENGTH DATA ELEMENTS
- fixed length control field: 230606|| aca||aabn | a|a d
040 ## - CATALOGING SOURCE
- Original cataloging agency: JO-AjAnu
- Transcribing agency: JO-AjAnu
150 ## - HEADING--TOPICAL TERM
- Topical term or geographic name entry element: تاريخ اوروبا - عصر الاصلاح الاوروبي- عصر النهضة - تاريخ اوروبا الوسيط
670 ## - SOURCE DATA FOUND
- Source citation: Work cat.: (JO-AjAnu)30702: عبوش، احمد صالح, author 60202, تاريخ أوروبا الحديث في عصر النهضة